Los derechos humanos ante los nuevos avances científicos tecnológicos (Record no. 43441)

MARC details
000 -LEADER
fixed length control field 00924nam a22002297a 4500
005 - DATE AND TIME OF LATEST TRANSACTION
control field 20211005105927.0
008 - FIXED-LENGTH DATA ELEMENTS--GENERAL INFORMATION
fixed length control field 211005b mx ||||| |||| 00| 0 spa d
020 ## - INTERNATIONAL STANDARD BOOK NUMBER
International Standard Book Number 9786077888048
050 04 - LIBRARY OF CONGRESS CALL NUMBER
Classification number K3611.G46
Item number D53 2009
100 1# - MAIN ENTRY--PERSONAL NAME
Personal name Díaz Revorio, Francisco Javier
Relator term autor
245 14 - TITLE STATEMENT
Title Los derechos humanos ante los nuevos avances científicos tecnológicos
Remainder of title : genética e internet ante la constitución
Statement of responsibility, etc / Francisco Javier Díaz Revorio
250 ## - EDITION STATEMENT
Edition statement 1a ed.
260 ## - PUBLICATION, DISTRIBUTION, ETC. (IMPRINT)
Place of publication, distribution, etc México :
Name of publisher, distributor, etc Tirant Blanch :
-- Comisión Nacional de los Derechos Humanos,
Date of publication, distribution, etc 2009
300 ## - PHYSICAL DESCRIPTION
Extent 251 p. :
Dimensions 24 cm.
504 ## - BIBLIOGRAPHY, ETC. NOTE
Bibliography, etc Incluye bibliohemerografía : p. 222-246 e glosario
650 #7 - SUBJECT ADDED ENTRY--TOPICAL TERM
Source of heading or term lemb
Topical term or geographic name as entry element Génetica
650 #7 - SUBJECT ADDED ENTRY--TOPICAL TERM
Source of heading or term lemb
Topical term or geographic name as entry element Derecho constitucional
650 #7 - SUBJECT ADDED ENTRY--TOPICAL TERM
Source of heading or term Lemb
Topical term or geographic name as entry element Derechos humanos
650 #7 - SUBJECT ADDED ENTRY--TOPICAL TERM
Source of heading or term lemb
Topical term or geographic name as entry element Internet (red de computadores)
General subdivision Legislación
710 1# - ADDED ENTRY--CORPORATE NAME
Corporate name or jurisdiction name as entry element México. Comisión Nacional de los Derechos Humanos
942 ## - ADDED ENTRY ELEMENTS (KOHA)
Source of classification or shelving scheme Biblioteca del Cogreso de los Estados Unidos
Koha item type Libro
Holdings
Estado de pérdida Fuente de clasificación Estado del daño No para préstamo Ubicación permanente Ubicación actual Apartado o colección Fecha de adquisición Edición Dependencia de educación superior (DES) Área del conocimiento Clasificación Código de Barras Date last seen Número de copia Costo por reposición Tipo de recurso
  Biblioteca del Cogreso de los Estados Unidos     Biblioteca de la Facultad de Derecho y Ciencias Sociales "Felipe J. Tena" Biblioteca de la Facultad de Derecho y Ciencias Sociales "Felipe J. Tena" General 05/10/2021 1a ed. Derecho Ciencias Sociales y Administrativas K3611.G46 D53 2009 BFD000003966 16/01/2015 1 1.00 Libro